Kiswahili Sanifu : (Record no. 5901)

000 -LEADER
fixed length control field 00561nam a22001817a 4500
003 - CONTROL NUMBER IDENTIFIER
control field OSt
005 - DATE AND TIME OF LATEST TRANSACTION
control field 20220707091650.0
008 - FIXED-LENGTH DATA ELEMENTS--GENERAL INFORMATION
fixed length control field 220707b ||||| |||| 00| 0 eng d
020 ## - INTERNATIONAL STANDARD BOOK NUMBER
International Standard Book Number 0195730313
040 ## - CATALOGING SOURCE
Transcribing agency ALUPE UNIVERSITY
050 ## - LIBRARY OF CONGRESS CALL NUMBER
Classification number PL8700
Item number .B35 2003
100 ## - MAIN ENTRY--PERSONAL NAME
Personal name Bakhressa, Salim K.
245 ## - TITLE STATEMENT
Title Kiswahili Sanifu :
Remainder of title Mwongozo wa Mwalimu.
Statement of responsibility, etc. Salim K Bakhressa
260 ## - PUBLICATION, DISTRIBUTION, ETC.
Place of publication, distribution, etc. Published in Kenya
Name of publisher, distributor, etc. Oxford University Press, East Africa Ltd.
Date of publication, distribution, etc. c2003.
300 ## - PHYSICAL DESCRIPTION
Extent vi, 146p. ;
Dimensions 21cm.
700 ## - ADDED ENTRY--PERSONAL NAME
Personal name Islam, Islam k. , Waititu, Francis G.
942 ## - ADDED ENTRY ELEMENTS (KOHA)
Source of classification or shelving scheme
Koha item type Book
Suppress in OPAC CM
Holdings
Withdrawn status Lost status Source of classification or shelving scheme Damaged status Not for loan Permanent Location Current Location Shelving location Date acquired Source of acquisition Total Checkouts Full call number Barcode Date last seen Price effective from Koha item type Public note
          AU LIBRARY AU LIBRARY Open Shelf 07.07.2022 DONATION FROM MOI UNIVERSITY   PL8700 .B35 2003 28002382 07.07.2022 07.07.2022 Book CM

Powered by Koha